|
|
|
|
| LEADER |
01072nam a2200277 a 4500 |
| 001 |
15099 |
| 003 |
BD-DhAAL |
| 008 |
090419s1970 enk b 001 0 eng d |
| 999 |
|
|
|c 242
|d 242
|
| 010 |
|
|
|a \\\73543739
|
| 020 |
|
|
|a 0333114446
|
| 020 |
|
|
|a 0333357736
|
| 040 |
|
|
|a DLC
|c DLC
|d DLC
|d BD-DhAAL
|
| 082 |
0 |
0 |
|a 170
|
| 100 |
1 |
|
|a Hudson, W. D.
|q (William Donald)
|9 41516
|
| 245 |
1 |
0 |
|a Modern moral philosophy /
|c by W. D. Hudson.
|
| 260 |
|
|
|a London,
|b Macmillan,
|c 1970.
|
| 300 |
|
|
|a xiv, 370 pages ;
|c 19 cm.
|
| 490 |
0 |
|
|a Modern introductions to philosophy
|
| 504 |
|
|
|a Includes bibliographical references.
|
| 541 |
1 |
|
|e 15099, 15100
|
| 650 |
|
0 |
|a Ethics
|z Great Britain
|x History.
|9 41517
|
| 852 |
4 |
|
|a Ayesha Abed Library
|j General Stacks
|
| 942 |
|
|
|2 ddc
|c BK
|
| 952 |
|
|
|0 0
|1 4
|2 ddc
|4 0
|6 170_000000000000000_HUD
|7 0
|9 224
|a BRACUL
|b BRACUL
|c GEN
|d 2009-04-29
|l 0
|o 170 HUD
|p 3010015100
|r 2009-04-29
|t 2
|w 2009-04-29
|y BK
|x Koha Inventory 2020
|
| 952 |
|
|
|0 0
|1 0
|2 ddc
|4 0
|6 170_000000000000000_HUD
|7 0
|9 21424
|a BRACUL
|b BRACUL
|c GEN
|d 2012-11-22
|l 0
|o 170 HUD
|p 3010015099
|r 2012-11-22
|t 1
|w 2012-11-22
|y BK
|